Applied biotechnology (Record no. 42660)

MARC details
000 -LEADER
fixed length control field 00449nam a2200169Ia 4500
020 ## - INTERNATIONAL STANDARD BOOK NUMBER
ISBN 8180940128
082 ## - DEWEY DECIMAL CLASSIFICATION NUMBER
Classification number 573.6
Item number REM
100 ## - MAIN ENTRY--AUTHOR NAME
Personal name Rema, L P
245 #0 - TITLE STATEMENT
Title Applied biotechnology
260 ## - PUBLICATION, DISTRIBUTION, ETC. (IMPRINT)
Place of publication Chennai
Name of publisher MJP Publishers
Year of publication 2006
650 ## - SUBJECT ADDED ENTRY--TOPICAL TERM
Topical Term Environmental biotechnology
650 ## - SUBJECT ADDED ENTRY--TOPICAL TERM
Topical Term Enzyme biotechnology
650 ## - SUBJECT ADDED ENTRY--TOPICAL TERM
Topical Term Fuel biotechnology
650 ## - SUBJECT ADDED ENTRY--TOPICAL TERM
Topical Term Tissue culture technology
942 ## - ADDED ENTRY ELEMENTS (KOHA)
Koha item type Books
Holdings
Withdrawn status Lost status Damaged status Not for loan Home library Current library Date acquired Cost, normal purchase price Full call number Accession Number Koha item type
        RRII Library RRII Library 16/12/2021 240.00 573.6 REM 22928 Books